| 000 | 00392nam a22001217a 4500 | ||
|---|---|---|---|
| 999 |
_c511493 _d511493 |
||
| 020 | _a9789382902614 | ||
| 082 | _aR18x54 Up1 | ||
| 100 |
_aUpadhyaya, Sanjay _911312 |
||
| 245 | _aRegulation of Fixed-Term Employment an Inter Country Perspective | ||
| 260 |
_aNoida _bV.V. Giri National Labour Institute _c2019 |
||
| 300 | _a122p. | ||
| 650 |
_aVoluntary employees' beneficiary associations _911526 |
||